Código Federal de Instituciones y Procedimientos Electorales /

Legislación mexicana en materia electoral que regula los derechos político-electorales de los ciudadanos, lo relativo a los partidos políticos y sus candidatos, el proceso electoral, las instituciones electorales y los medios de impugnación.

Guardado en:
Bibliografiske detaljer
Institution som forfatter: México
Format: Bog
Sprog:spansk
Udgivet: México : Tribunal Electoral del Poder Judicial de la Federación, 2000, c2000
Serier:(Legislaciones)
Fag:
Tags: Tilføj Tag
Ingen Tags, Vær først til at tagge denne postø!

MARC

LEADER 00000nam^a2200000^a^4500
001 000150551
005 20250521000000.0
009 20260310100139.814
020 |a 970-671-035-3 
037 |a Acervo ITESO - Biblioteca 
041 |a ESP 
082 |a 348. 72  |b LEG ELE 2000 
110 |a México 
240 1 1 |a [Ley Electoral] 
240 1 1 |a [Código Federal de Instituciones y Procedimientos Electorales] 
245 1 0 |a Código Federal de Instituciones y Procedimientos Electorales / 
264 4 |a México :  |b Tribunal Electoral del Poder Judicial de la Federación,  |c 2000, c2000 
300 |a 276 p. 
336 |a texto  |b txt  |2 rdacontenido 
337 |a sin mediación  |b n  |2 rdamedio 
338 |a volumen  |b nc  |2 rdasoporte 
440 1 |a (Legislaciones) 
520 |a Legislación mexicana en materia electoral que regula los derechos político-electorales de los ciudadanos, lo relativo a los partidos políticos y sus candidatos, el proceso electoral, las instituciones electorales y los medios de impugnación. 
649 |a XX 
650 |a Derecho Procesal Electoral -  |z México -  |x Leyes y Reglamentos 
650 |a Derecho Electoral -  |z México -  |x Leyes y Reglamentos -  |x Tema Principal 
650 |a Derecho Político -  |z México -  |x Leyes y Reglamentos 
650 |a Derecho Público -  |z México -  |x Leyes y Reglamentos 
910 |a Fondo General 
920 |a Impresos - Libros 
930 |a Colección General 
905 |a 101 
901 |a 0500080789  |b IT1  |c ACC  |u 20250521 
902 |a https://opac.biblio.iteso.mx/vufind/Record/000150551